Statistics for All football clubs Frank Lampard scored against for Chelsea

Click here to take the quiz!

General Stats

  • This quiz has been taken 139 times
  • The average score is 33 of 54

Answer Stats

HintAnswer% Correct
Premier League (5)Arsenal
97%
Premier League (7)Manchester City
95%
Premier League (6)Manchester United
94%
Premier League (7)Liverpool
92%
Premier League (9)Tottenham Hotspur
92%
Premier League (10)Everton
89%
Spain (3)Barcelona
88%
Premier League (7)West Ham
88%
Premier League (14)Aston Villa
86%
Germany (3)Bayern Munich
83%
Premier League (6)Newcastle United
83%
Premier League (6)Southampton
79%
Premier League (4)Norwich City
78%
League One (9)Sunderland
77%
Championship (9)Fulham
75%
Premier League (3)Wolverhampton Wanderers
75%
Premier League (3)Leicester City
74%
League One (12)Bolton Wanderers
73%
Championship (1)Leeds United
73%
Championship (6)West Bromwich Albion
73%
Portugal (1)Benfica
68%
League One (10)Portsmouth
68%
Championship (10)Blackburn Rovers
67%
Championship (2)Hull City
67%
Championship (1)Swansea CIty
66%
Premier League (1)Crystal Palace
65%
Championship (4)Derby County
65%
Championship (6)Stoke City
65%
Premier League (2)Watford
64%
Spain (1)Valencia
63%
Spain (1)Atletico Madrid
62%
Championship (2)Birmingham City
60%
Championship (7)Wigan Athletic
60%
Italy (2)Lazio
59%
Italy (1)Napoli
58%
Premier League (1)Sheffield United
58%
League One (2)Blackpool
57%
Belgium (1)Anderlecht
56%
League One (3)Ipswich Town
53%
Greece (1)Olympiacos
53%
Championship (3)Reading
53%
Championship (1)Brentford
48%
Championship (2)Huddersfield Town
48%
France (1)Monaco
47%
Championship (3)Charlton Athletic
46%
Championship (1)Middlesbrough
43%
Turkey (1)Fenerbahce
34%
Romania (1)Steaua Bucharest
31%
France (1)Bordeaux
29%
Bulgaria (1)Levski Sofia
20%
League One (2)Wycombe Wanderers
14%
League One (1)Southend United
8%
Norway (1)Viking Stavanger
6%
League Two (3)Macclesfield Town
5%

Score Distribution

Percentile by Number Answered

Percent of People with Each Score

Your Score History

You have not taken this quiz